Za ten náš syrček

Bibliographic Details
Main Author: Droppa, Martin, 1963- (Author)
Format: Article
Language:Slovak
PhysicalDescription:Fotogr.
ISSN:1336-5932
Subjects:

MARC

LEADER 00000nab a2200000 a 4500
001 vtls009624670
003 SK-MaSNL
005 20260303060508.0
008 140515c2009 xo wr|p|||||||000 b|slo
015 |a SNBRB2009/07  |2 snkbucl 
040 |a SNKBUCL  |b slo  |c SNKBUCL  |e AACR2 
041 0 |a slo 
044 |a xo  |c SK 
080 |a 398.1:636.3  |2 2001 
080 |a 394.2:636.3  |x (437.6)  |2 2001 
080 |a 636.3:394.2  |x (437.6)  |2 2001 
100 1 |a Droppa, Martin,  |d 1963-  |4 aut  |9 175452 
245 1 0 |a Za ten náš syrček  |c Martin Droppa 
300 |b Fotogr. 
611 2 7 |a Ovenálie  |d (2009 : Východná, Slovensko)  |2 snkbucl  |9 1053405 
650 0 7 |a ovčiarstvo  |2 snkbucl  |9 17572 
650 0 7 |a ovčiarske slávnosti  |2 snkbucl  |9 1053406 
651 7 |a Východná (Slovensko)  |2 snkbucl  |9 60319 
655 7 |a poznámky  |2 snkbucl  |9 285558 
773 0 |t Týždeň  |g Roč. VI, č. 26 (2009), s. 30-31  |x 1336-5932 
852 |a SNK  |b KIS3GCP 
958 |a SK 
999 |c 1731635  |d 1733565